<?xml version="1.0" encoding="UTF-8"?>
<record
    xmlns:xsi="http://www.w3.org/2001/XMLSchema-instance"
    xsi:schemaLocation="http://www.loc.gov/MARC21/slim http://www.loc.gov/standards/marcxml/schema/MARC21slim.xsd"
    xmlns="http://www.loc.gov/MARC21/slim">

  <leader>01507nam a2200289 i 4500</leader>
  <controlfield tag="003">DO-SdBNP</controlfield>
  <controlfield tag="005">20250801130409.0</controlfield>
  <controlfield tag="007">ta</controlfield>
  <controlfield tag="008">250314s2001    dr      r     000 0 spa d</controlfield>
  <datafield tag="040" ind1=" " ind2=" ">
    <subfield code="a">DO-SdBNP</subfield>
    <subfield code="b">spa</subfield>
    <subfield code="c">BNPHU</subfield>
    <subfield code="e">rda</subfield>
  </datafield>
  <datafield tag="041" ind1=" " ind2=" ">
    <subfield code="a">spa</subfield>
  </datafield>
  <datafield tag="082" ind1=" " ind2="4">
    <subfield code="a">xxxx</subfield>
    <subfield code="b">R426L</subfield>
    <subfield code="2">22</subfield>
  </datafield>
  <datafield tag="110" ind1="1" ind2=" ">
    <subfield code="a">Rep&#xFA;blica Dominicana</subfield>
    <subfield code="9">447</subfield>
  </datafield>
  <datafield tag="240" ind1="1" ind2="0">
    <subfield code="a">[Leyes, etc.]</subfield>
  </datafield>
  <datafield tag="245" ind1="1" ind2="0">
    <subfield code="a">Ley No. 11-92 : </subfield>
    <subfield code="b">c&#xF3;digo tributario de la Rep&#xFA;blica Dominicana /</subfield>
  </datafield>
  <datafield tag="264" ind1=" " ind2="1">
    <subfield code="a">Santo Domingo :</subfield>
    <subfield code="b">Congreso Nacional, </subfield>
    <subfield code="c">2001.</subfield>
  </datafield>
  <datafield tag="300" ind1=" " ind2=" ">
    <subfield code="a">194 p&#xE1;ginas ;</subfield>
    <subfield code="c">23 cm.</subfield>
  </datafield>
  <datafield tag="336" ind1=" " ind2=" ">
    <subfield code="a">texto</subfield>
    <subfield code="b">txt</subfield>
    <subfield code="2">rdacontent</subfield>
  </datafield>
  <datafield tag="337" ind1=" " ind2=" ">
    <subfield code="a">sin mediaci&#xF3;n</subfield>
    <subfield code="b">n</subfield>
    <subfield code="2">rdamedia</subfield>
  </datafield>
  <datafield tag="338" ind1=" " ind2=" ">
    <subfield code="a">rdacarrier</subfield>
    <subfield code="b">nc</subfield>
    <subfield code="2">rdacarrier</subfield>
  </datafield>
  <datafield tag="500" ind1=" " ind2=" ">
    <subfield code="a">Los art&#xED;culos modificados del C&#xF3;digo Tributario por la ley de la Reforma Tributaria No. 147-00 de fecha 27 de diciembre del a&#xF1;o 2000, han sido corregidos e insertados en esta edici&#xF3;n.  </subfield>
  </datafield>
  <datafield tag="500" ind1=" " ind2=" ">
    <subfield code="a">Art&#xED;culos Modificados: 19, 47, 252, 267, 268, 287, 296, 297 y 298; el literal o) del art&#xED;culo 299, 306, 309, 314, 316, 335, 339, 341, 343, 344, 345, 346, 350, 355 y 367 en sus literales b) y c), y 375 de la ley No. 11-92, del 16 de mayo de 1992, del C&#xF3;digo Tributario de la Rep&#xFA;blica Dominicana. </subfield>
  </datafield>
  <datafield tag="505" ind1=" " ind2=" ">
    <subfield code="a">T&#xED;tulo 1--</subfield>
    <subfield code="t">Normas generales, procedimientos y sanciones --</subfield>
    <subfield code="g">T&#xED;tulo 2--</subfield>
    <subfield code="t">Impuesto sobre la renta--</subfield>
    <subfield code="g">T&#xED;tulo 3--</subfield>
    <subfield code="t">Impuesto sobre transferencia de bienes industrializados y sevicios--</subfield>
    <subfield code="g">T&#xED;tulo 4--</subfield>
    <subfield code="t">Impuesto selectivo al consumo.</subfield>
  </datafield>
  <datafield tag="590" ind1=" " ind2=" ">
    <subfield code="a">Inventariado, 2025/ BT</subfield>
  </datafield>
  <datafield tag="910" ind1=" " ind2=" ">
    <subfield code="a">Btav&#xE1;rez</subfield>
  </datafield>
  <datafield tag="942" ind1=" " ind2=" ">
    <subfield code="2">ddc</subfield>
    <subfield code="c">LBS1</subfield>
  </datafield>
  <datafield tag="952" ind1=" " ind2=" ">
    <subfield code="0">0</subfield>
    <subfield code="1">0</subfield>
    <subfield code="2">ddc</subfield>
    <subfield code="5">1</subfield>
    <subfield code="7">0</subfield>
    <subfield code="8">PD</subfield>
    <subfield code="a">BNPHU</subfield>
    <subfield code="b">BNPHU</subfield>
    <subfield code="c">CT</subfield>
    <subfield code="d">2025-08-01</subfield>
    <subfield code="e">Donado por Librer&#xED;a Delim</subfield>
    <subfield code="l">0</subfield>
    <subfield code="o">BNPHU PD R426L</subfield>
    <subfield code="p">2025-7682</subfield>
    <subfield code="r">2025-08-01</subfield>
    <subfield code="w">2025-08-01</subfield>
    <subfield code="y">LBS1</subfield>
  </datafield>
  <datafield tag="999" ind1=" " ind2=" ">
    <subfield code="c">59708</subfield>
    <subfield code="d">59708</subfield>
  </datafield>
</record>
